首都ドボンクイズ - Statistics

General Stats
  • This quiz has been taken 5,445 times
  • The average score is 6 of 20
Answers on the Grid
Answers color-coded by a green-red scale on the quiz's grid according to % correct below.
アンカラ
ベルモパン
ハバナ
ドバイ
ラゴス
リマ
マニラ
マラケシュ
モンロビア
ニューヨーク
千葉
ポルト
メッカ
サンパウロ
上海
シドニー
ビルン
ヨハネスブルク
ミラノ
ヴィリニュス
コロール
スコピエ
ウィーン
バクー
ハルツーム
テグシガルパ
マナーマ
カトマンズ
マレ
トロント
バルセロナ
アブジャ
ドゥアラ
マラボ
マセル
バレッタ
バンジュール
ヤンゴン
コロンボ
カラチ
 
Answer Stats
Answer % Correct
マニラ
58%
ウィーン
56%
アンカラ
48%
リマ
45%
カトマンズ
40%
バクー
39%
ハバナ
31%
アブジャ
31%
ハルツーム
27%
マレ
25%
ヴィリニュス
24%
スコピエ
24%
バレッタ
21%
マナーマ
20%
モンロビア
18%
テグシガルパ
17%
ベルモパン
16%
マラボ
15%
バンジュール
15%
マセル
13%
No matching quizzes found
Score Distribution
Percent of People with Each Score
Percentile by Number Answered
Your Score History
You have not taken this quiz